000 01997nab a2200229uuc4500
001 1262607
005 20241023091050.0
008 111101e20111001 spa
035 _a1262607
035 _a(OCoLC)820615824
040 _ccomduadb
041 _aspa
100 1 0 _aAguilera Izquierdo, Raquel
_4aut
_eaut
_9507360
245 1 3 _aLa extinción del contrato de trabajo del personal al servicio de las Admistraciones Públicas
520 3 _aEl EBEP, con relación al personal laboral al servicio de las Administraciones Públicas, sintetiza, como señala su Exposición de Motivos, aquello que diferencia a quienes trabajan en el sector público administrativo, sea cual se su relación jurídica, de quienes lo hacen en el sector privado. La principal diferencia entre el personal laboral y el personal funcionario radica en la extención de su relación de trabajo con la Administración para la que viene prestando servicios, pues mientras que al personal funcionario se le reconoce el derecho a la inamovilidad en su condición, al personal laboral se le aplican las causas de extinción que con carácter general están recogidas en el art. 49 ET. En este estudio se analizan algunas de las singularidades que plantea la extinción del contrato de trabajo del personal al servicio de las Administraciones Públicas, en concreto en los supuestos de extinción por las causas válidamente consignadas en el contrato, de despido por causas económicas, técnicas, organizativas o de producción y de despido disciplinario, único supuesto, este último, de extinción al que se hace referencia expresa el EBEP en su art. 96.
650 7 _aContratos de trabajo
_2embne
_937458
650 _aEmpleadores
_933357
650 _aSector privado
_917210
650 7 _aSector público
_2unescot
_91815
773 0 _tRevista del Ministerio de Trabajo y Asuntos Sociales (Madrid)
_gNúmero 093, Octubre de 2011. Derecho del Trabajo, p. 317-342
_w321927
_x1137-5868
_0106617
942 _cARIMP
999 _c593085
_d593085